000 00853cam a22002414a 4500
001 15405846
005 20180115042454.0
008 080612s2007 gr a b 001 1 greo
010 _a 2008467360
020 _a9789602503768
035 _a(GrAtO)oi18144
040 _aDLC
_cDLC
041 0 _agrc
_aeng
080 _a2 MIC
100 _a24
101 _aTEO
245 1 0 _aAphegēsis Livistrou kai Rodamnēs (Livistros and Rodamne) :
_ccritical edition with introduction, commentary and index-glossary by Tina Lendari.
246 3 1 _aLivistros and Rodamne:
_bthe Vatican version
504 _aIncludes bibliographical references (p. 13-49) and indexes.
906 _a7
_bcbc
_corigres
_d2
_encip
_f20
_gy-gencatlg
942 _2ddc
_cBK
999 _c40239
_d40239